[Event "34th Chess Olympiad (women)"]
[Site "Istanbul"]
[Date "2000.11.09"]
[Round "12.43.2"]
[White "Maeckelberg, Mieke"]
[Black "Guerrero, Alejandra"]
[WhiteElo "2000"]
[BlackElo "2171"]
[WhiteCountry "IBSA"]
[BlackCountry "MEX"]
[Result "1/2-1/2"]

1. e4 e5 2. Nf3 Nc6 3. Bc4 Nf6 4. Ng5 d5 5. exd5 Na5 6. Bb5+ c6 7. dxc6 bxc6 
8. Be2 h6 9. Nf3 e4 10. Ne5 Qd4 11. f4 Bc5 12. Rf1 Qd6 13. c3 Nb7 14. b4 Bb6 
15. Qa4 Nd8 16. Na3 O-O 17. Nac4 Qb8 18. Nxb6 axb6 19. Qb3 b5 20. a4 Be6 
21. Qc2 Qd6 22. Bb2 bxa4 23. Rxa4 Rxa4 24. Qxa4 Nd5 25. Nc4 Qd7 26. Ne3 Nxe3 
27. dxe3 Nb7 28. c4 Rd8 29. Qc2 Bg4 30. Bd4 Nd6 31. Kf2 Bxe2 32. Qxe2 Qe6 
33. Rc1 Nf5 34. Rd1 Qe7 35. Qg4 Nxd4 36. Rxd4 Rxd4 37. exd4 Qxb4 38. Qc8+ Kh7 
39. Qf5+ Kg8 40. Qc8+ Kh7 
1/2-1/2

[Event "34th Chess Olympiad (women)"]
[Site "Istanbul"]
[Date "2000.11.09"]
[Round "12.43.3"]
[White "Garcia, Edith"]
[Black "Sanchez, Esmeralda"]
[WhiteElo "2052"]
[BlackElo "2000"]
[WhiteCountry "MEX"]
[BlackCountry "IBSA"]
[Result "1-0"]

1. e4 c5 2. Nf3 e6 3. d4 cxd4 4. Nxd4 a6 5. c4 Qc7 6. Nc3 Nf6 7. a3 Be7 
8. Bd3 O-O 9. Be3 d6 10. O-O Nbd7 11. Rc1 b6 12. f3 Bb7 13. g4 h6 14. Qe1 Ne5 
15. Be2 Qd8 16. Qg3 Nh7 17. f4 Nc6 18. Rfd1 Nxd4 19. Bxd4 f5 20. Qe3 fxe4 
21. Bxb6 Qe8 22. Nxe4 Bxe4 23. Qxe4 Qf7 24. Be3 a5 25. h3 Rab8 26. Bd3 Nf6 
27. Qg2 d5 28. Qc2 Ne4 29. Bxe4 dxe4 30. Rd7 Qf6 31. Rb1 Qh4 32. Kg2 Rbd8 
33. Rbd1 Qf6 34. Rxd8 Rxd8 35. Rxd8 Bxd8 36. b4 axb4 37. axb4 g5 38. Qxe4 
1-0